|
|
|
|
| LEADER |
00000nam a2200000 a 4500 |
| 001 |
vtls009161402 |
| 003 |
SK-MaSNL |
| 005 |
20260302075954.0 |
| 008 |
240318s2006 xxuodabd 001 0deng |
| 020 |
|
|
|a 9780124060616
|q (viaz.)
|
| 020 |
|
|
|a 0124060617
|
| 040 |
|
|
|a SNK
|b slo
|c SNK
|e AACR2
|
| 041 |
0 |
|
|a eng
|
| 044 |
|
|
|a xxu
|c US
|
| 072 |
|
7 |
|a 616
|x Patológia. Klinická medicína
|2 konspekt
|
| 080 |
|
|
|a 616.12
|2 2001
|
| 080 |
|
|
|a (048.8)
|2 2001
|
| 100 |
1 |
|
|a Khan, M. I. Gabriel
|4 aut
|9 591763
|
| 245 |
1 |
0 |
|a Encyclopedia of heart diseases
|c M. Gabriel Khan
|
| 246 |
3 |
|
|a Heart diseases
|
| 260 |
|
|
|a Burlington
|b Elsevier Academic Press
|c c2006
|
| 300 |
|
|
|a xiv, 653 s.
|b fotogr., grafy, ilustr. , mp., sch.
|c 29 cm
|
| 500 |
|
|
|a Biogr. údaje
|
| 504 |
|
|
|a Bibliogr. odkazy. Reg. Slovník
|
| 650 |
0 |
7 |
|a srdce
|2 SNKPH
|9 13574
|
| 650 |
0 |
7 |
|a choroby srdca
|2 SNKPH
|9 1246
|
| 655 |
|
7 |
|a prehľady
|2 SNKPH
|9 70194
|
| 919 |
|
|
|a 978-0-12-406061-6
|
| 919 |
|
|
|a 0-12-406061-7
|
| 999 |
|
|
|c 1171297
|d 1173227
|
| 952 |
|
|
|t snkKHA 616.1
|a SNKUST
|b SNKUST
|y PREZ
|7 0
|p 17A0571043
|o snkIB 71670
|i snk2007/25567
|8 3
|g 184.86
|0 0
|1 0
|4 0
|d 2007-11-22
|l 0
|r 2025-05-29 00:00:00
|w 2026-02-24
|